| 000 | 00659nam a2200253Ia 4500 | ||
|---|---|---|---|
| 003 | OSt | ||
| 005 | 20221006144704.0 | ||
| 006 | a|||||r|||| 00| 0 | ||
| 007 | ta | ||
| 008 | 221006b |||||||| |||| 00| 0 eng d | ||
| 020 | _cP0.70 | ||
| 024 | _a12,375 | ||
| 037 | _cTextual | ||
| 040 |
_aEASL _cEASL _beng |
||
| 041 |
_2eng _aeng |
||
| 082 | _aV41.N67, L3 | ||
| 100 | _aCOLLIER John | ||
| 245 | 0 | _aChina's socialist revolution | |
| 260 |
_aNew York _bMonthly Review Press _c1973 |
||
| 300 |
_a270p. _ccm. |
||
| 700 | _a COLLIER Elsie | ||
| 942 |
_hV41.N67, L3 _cTEXL _2CC |
||
| 999 |
_c1080461 _d1080461 |
||